000 00768nam a2200241 i 4500
001 bg
100 1 _aDREYER, Hilke
245 1 0 _aLehr-und Übungsbuch der deutschen Grammatik :
_bSchlüssel zu allen zweisprachigen Ausgaben /
_cHilke Dreyer, Richard Schmitt.
260 _aWarszawa ;
_a[Ismaning] :
_bRea :
_bVerl. für Deutsch,
_c1996.
300 _a[64] s. ;
_c21 cm.
500 _aDodatek do podręcznika "Praktyczna gramatyka języka niemieckiego".
504 _aIndeks.
650 9 _aJęzyk niemiecki
_xgramatyka
655 _aPodręczniki
700 1 _aSCHMITT, Richard
020 _a8371411863
040 _cBPK
041 0 _ade
080 _a811.112.2'36(07)
920 _a83-7141-186-3
942 _cKS
008 s pl f |000 0 pol
999 _c31777
_d31777